Super Mario Odyssey - All Power Moons - Lost Kingdom - Statistics

General Stats
  • This quiz has been taken 6 times
  • The average score is 10 of 35
Answer Stats
Answer % Correct
Cave Gardening
80%
A Butterfly’s Treasure
60%
Atop a Propeller Pillar
60%
The Caged Gold
60%
A Propeller Pillar’s Secret
40%
Get Some Rest, Captain Toad
40%
Peach in the Lost Kingdom
40%
Peeking Out from Under the Bridge
40%
The Shining Fruit
40%
Twist ‘n’ Turn-Up Treasure
40%
Aglow in the Jungle
20%
Avoiding Fuzzies Inside the Wall
20%
Below the Cliff’s Edge
20%
Caught Hopping in the Jungle
20%
Chasing Klepto
20%
Enjoying the View of the Forgotten Isle
20%
Extremely Hot Bath
20%
I Met a Tropical Wiggler!
20%
Inside the Rising Stone Pillar
20%
Inside the Stone Cage
20%
Jump Down to the Top of a Tree
20%
Line it Up, Blow it Up
20%
Lost Kingdom Master Cup
20%
Lost Kingdom Regular Cup
20%
Lost Kingdom Timer Challenge
20%
Moon Shards in the Jungle
20%
On a Tree in the Swamp
20%
On the Mountain Road
20%
Over the Fuzzies, Above the Swamp
20%
Shopping on Forgotten Isle
20%
Soaring Over Forgotten Isle!
20%
Stretch and Traverse the Jungle
20%
Taking Notes: Stretch and Shrink
20%
Taxi Flying through Forgotten Isle
20%
Wrecked Rock Block
20%
No matching quizzes found
Score Distribution
Percent of People with Each Score
Percentile by Number Answered
Your Score History
You have not taken this quiz